00380nam a2200145Ia 4500100001900000942000700019654001300026245002200039260002200061082001800083300000800101546001200109999001700121952009600138 aNicopolitidis  cBK awireless aWireless Networks bJohn Wileyc2003 a621.3192bNIC a406 aENGLISH c20900d20900 001040708CRCaCRCEbCRCEd2023-03-17l0o621.3192 NICp14181r2023-03-17w2023-03-17yBK